[Event "Bundesliga 9697"]
[Site "Deutschland"]
[Date "1996.??.??"]
[Round "?.2"]
[White "Breutigam, Martin"]
[Black "Gabriel, Christian"]
[Result "0-1"]
[WhiteElo "2380"]
[BlackElo "2565"]
[PlyCount "108"]
[EventDate "1996.10.??"]
[EventType "team"]
[EventRounds "15"]
[EventCountry "GER"]
[SourceTitle "Bundesliga 9697"]
[Source "DeepChess"]
[SourceDate "2005.01.01"]
[SourceVersion "1"]
[SourceVersionDate "2005.01.01"]
[SourceQuality "1"]
[WhiteTeam "Delmenhorster SK 1931"]
[BlackTeam "SG 1868 Aljech. Solingen"]
[WhiteTeamCountry "GER"]
[BlackTeamCountry "GER"]

1. d4 Nf6 2. c4 e6 3. Nc3 Bb4 4. Bg5 c5 5. dxc5 h6 6. Bh4 Nc6 7. Rc1 g5 8. Bg3
Ne4 9. e3 Qa5 10. Qc2 Bxc3+ 11. bxc3 Nxg3 12. hxg3 Qxc5 13. Rb1 b6 14. Rb5 Qf8
15. Qa4 Qg7 16. Ne2 Na5 17. Nd4 O-O 18. c5 Bb7 19. cxb6 axb6 20. Rxb6 Rfc8 21.
Qc2 Bd5 22. Ba6 Nc4 23. Bxc4 Rxc4 24. O-O Qe5 25. Ra1 Qc7 26. Rb3 Rc5 27. Rb4
Rxc3 28. Qb2 Rc5 29. a4 Qe5 30. Rb5 Rcc8 31. a5 g4 32. Ne2 Qxb2 33. Rxb2 Rc6
34. Nd4 Rca6 35. Rb5 d6 36. Nc2 Bc4 37. Rh5 Kg7 38. Nb4 R6a7 39. a6 f5 40. f3
Bxa6 41. fxg4 Be2 42. Re1 Ra1 43. Kf2 Rxe1 44. Kxe1 Bxg4 45. Rh2 Ra1+ 46. Kd2
h5 47. Nd3 Ra2+ 48. Kc3 Re2 49. Nf4 Rxe3+ 50. Kd2 Re4 51. Nxh5+ Bxh5 52. Rxh5
Kf6 53. Kd3 Ke5 54. Rh1 d5 0-1

[Event "Bundesliga 9697"]
[Site "Deutschland"]
[Date "1996.??.??"]
[Round "?.3"]
[White "Chandler, Murray G"]
[Black "Borik, Otto"]
[Result "1/2-1/2"]
[WhiteElo "2550"]
[BlackElo "2410"]
[PlyCount "36"]
[EventDate "1996.10.??"]
[EventType "team"]
[EventRounds "15"]
[EventCountry "GER"]
[SourceTitle "Bundesliga 9697"]
[Source "DeepChess"]
[SourceDate "2005.01.01"]
[SourceVersion "1"]
[SourceVersionDate "2005.01.01"]
[SourceQuality "1"]
[WhiteTeam "SG 1868 Aljech. Solingen"]
[BlackTeam "Delmenhorster SK 1931"]
[WhiteTeamCountry "GER"]
[BlackTeamCountry "GER"]

1. e4 c5 2. c3 d5 3. exd5 Qxd5 4. d4 e5 5. Nf3 exd4 6. cxd4 cxd4 7. Nxd4 Bc5 8.
Be3 Nf6 9. Nc3 Qe5 10. Bb5+ Bd7 11. O-O O-O 12. Re1 Bxb5 13. Ndxb5 Nbd7 14. Rc1
Rfe8 15. h3 a6 16. Bxc5 Qxe1+ 17. Qxe1 Rxe1+ 18. Rxe1 Nxc5 1/2-1/2

[Event "Bundesliga 9697"]
[Site "Deutschland"]
[Date "1996.??.??"]
[Round "?.4"]
[White "Lauber, Arnd"]
[Black "Bischoff, Klaus"]
[Result "1/2-1/2"]
[WhiteElo "2380"]
[BlackElo "2530"]
[PlyCount "74"]
[EventDate "1996.10.??"]
[EventType "team"]
[EventRounds "15"]
[EventCountry "GER"]
[SourceTitle "Bundesliga 9697"]
[Source "DeepChess"]
[SourceDate "2005.01.01"]
[SourceVersion "1"]
[SourceVersionDate "2005.01.01"]
[SourceQuality "1"]
[WhiteTeam "Delmenhorster SK 1931"]
[BlackTeam "SG 1868 Aljech. Solingen"]
[WhiteTeamCountry "GER"]
[BlackTeamCountry "GER"]

1. d4 e6 2. c4 b6 3. Nc3 Bb7 4. Nf3 Bb4 5. Qb3 Ba5 6. e3 Nf6 7. Bd3 Ne4 8. O-O
Bxc3 9. bxc3 O-O 10. c5 f5 11. c4 Nc6 12. cxb6 axb6 13. Rb1 Ra7 14. Nd2 Qh4 15.
Qc2 Nxd2 16. Qxd2 f4 17. exf4 Nxd4 18. f3 Ra5 19. Be4 Bxe4 20. fxe4 e5 21. c5
Rxf4 22. Rxf4 Qxf4 23. Qxd4 Qxc1+ 24. Rxc1 exd4 25. cxb6 cxb6 26. Rb1 Rxa2 27.
Rxb6 d3 28. Rd6 d2 29. Kf1 Ra1+ 30. Ke2 Rg1 31. g3 Re1+ 32. Kxd2 Rxe4 33. Rxd7
Re5 34. Kd3 h5 35. Rd4 Kh7 36. Re4 Ra5 37. Ke3 Kg6 1/2-1/2

[Event "Bundesliga 9697"]
[Site "Deutschland"]
[Date "1996.??.??"]
[Round "?.5"]
[White "Lau, Ralf"]
[Black "Reefschlaeger, Helmut"]
[Result "1/2-1/2"]
[WhiteElo "2510"]
[BlackElo "2335"]
[PlyCount "30"]
[EventDate "1996.10.??"]
[EventType "team"]
[EventRounds "15"]
[EventCountry "GER"]
[SourceTitle "Bundesliga 9697"]
[Source "DeepChess"]
[SourceDate "2005.01.01"]
[SourceVersion "1"]
[SourceVersionDate "2005.01.01"]
[SourceQuality "1"]
[WhiteTeam "SG 1868 Aljech. Solingen"]
[BlackTeam "Delmenhorster SK 1931"]
[WhiteTeamCountry "GER"]
[BlackTeamCountry "GER"]

1. e4 e6 2. d4 d5 3. Nc3 Nf6 4. e5 Nfd7 5. Nce2 c5 6. c3 Nc6 7. Nf3 b5 8. a3
Qb6 9. Be3 a5 10. Nf4 Ba6 11. Be2 cxd4 12. cxd4 b4 13. Nd3 Be7 14. O-O O-O 15.
g3 Rfb8 1/2-1/2

[Event "Bundesliga 9697"]
[Site "Deutschland"]
[Date "1996.??.??"]
[Round "?.6"]
[White "Hermann, Manfred"]
[Black "Podzielny, Karl Heinz"]
[Result "1/2-1/2"]
[WhiteElo "2370"]
[BlackElo "2490"]
[PlyCount "37"]
[EventDate "1996.10.??"]
[EventType "team"]
[EventRounds "15"]
[EventCountry "GER"]
[SourceTitle "Bundesliga 9697"]
[Source "DeepChess"]
[SourceDate "2005.01.01"]
[SourceVersion "1"]
[SourceVersionDate "2005.01.01"]
[SourceQuality "1"]
[WhiteTeam "Delmenhorster SK 1931"]
[BlackTeam "SG 1868 Aljech. Solingen"]
[WhiteTeamCountry "GER"]
[BlackTeamCountry "GER"]

1. e4 d6 2. d4 Nf6 3. Nc3 g6 4. f4 Bg7 5. Nf3 O-O 6. Bd3 Bg4 7. O-O Nc6 8. e5
dxe5 9. dxe5 Nd5 10. Nxd5 Qxd5 11. Qe1 f6 12. exf6 exf6 13. Qe4 Qd7 14. Bd2 Kh8
15. Qc4 Bxf3 16. Rxf3 Nd4 17. Re3 Rfe8 18. Rxe8+ Rxe8 19. Re1 1/2-1/2

[Event "Bundesliga 9697"]
[Site "Deutschland"]
[Date "1996.??.??"]
[Round "?.7"]
[White "Schaefer, Markus"]
[Black "Jugelt, Tobias"]
[Result "1/2-1/2"]
[WhiteElo "2455"]
[BlackElo "2375"]
[PlyCount "92"]
[EventDate "1996.10.??"]
[EventType "team"]
[EventRounds "15"]
[EventCountry "GER"]
[SourceTitle "Bundesliga 9697"]
[Source "DeepChess"]
[SourceDate "2005.01.01"]
[SourceVersion "1"]
[SourceVersionDate "2005.01.01"]
[SourceQuality "1"]
[WhiteTeam "SG 1868 Aljech. Solingen"]
[BlackTeam "Delmenhorster SK 1931"]
[WhiteTeamCountry "GER"]
[BlackTeamCountry "GER"]

1. e4 g6 2. d4 Bg7 3. Nc3 d6 4. f4 Nc6 5. Be3 a6 6. Be2 e6 7. Bf3 Nge7 8. Nge2
d5 9. Bf2 dxe4 10. Nxe4 Nf5 11. c3 Nh4 12. Bxh4 Qxh4+ 13. g3 Qe7 14. O-O O-O
15. Nc1 Rd8 16. Qe2 Bd7 17. Nd3 Be8 18. Rad1 Rab8 19. Bg2 Na7 20. Nec5 c6 21.
f5 gxf5 22. Rxf5 Nb5 23. Nf4 Nd6 24. Rh5 Rbc8 25. Kh1 b6 26. Ncd3 f6 27. Rh3
Bf7 28. Rf1 Re8 29. Nh5 e5 30. Nxg7 Kxg7 31. Qd2 Bg6 32. Nf2 Nf7 33. Ng4 f5 34.
Nxe5 Nxe5 35. dxe5 Qxe5 36. Rh4 Re7 37. Rd4 Rcc7 38. Rd6 Qc5 39. Rd1 Qc4 40. b3
Qc5 41. c4 b5 42. b4 Qxc4 43. Qb2+ Kh6 44. Qd2+ Kg7 45. Qb2+ Kh6 46. Qd2+ Kg7
1/2-1/2

[Event "Bundesliga 9697"]
[Site "Deutschland"]
[Date "1997.??.??"]
[Round "?.1"]
[White "Georgiev, Kiril"]
[Black "Rogers, Ian"]
[Result "1-0"]
[WhiteElo "2645"]
[BlackElo "2600"]
[PlyCount "86"]
[EventDate "1996.10.??"]
[EventType "team"]
[EventRounds "15"]
[EventCountry "GER"]
[SourceTitle "Bundesliga 9697"]
[Source "DeepChess"]
[SourceDate "2005.01.01"]
[SourceVersion "1"]
[SourceVersionDate "2005.01.01"]
[SourceQuality "1"]
[WhiteTeam "SG Bochum 31"]
[BlackTeam "Delmenhorster SK 1931"]
[WhiteTeamCountry "GER"]
[BlackTeamCountry "GER"]

1. d4 Nf6 2. Nf3 g6 3. g3 Bg7 4. Bg2 O-O 5. O-O d5 6. c4 dxc4 7. Na3 Nc6 8.
Nxc4 Be6 9. b3 a5 10. a4 Bd5 11. Bb2 Nb4 12. e3 Be4 13. Nfe5 Bxg2 14. Kxg2 Nd7
15. Nd3 Nxd3 16. Qxd3 c6 17. Rfd1 Nb6 18. Ba3 Re8 19. e4 Nc8 20. Rac1 Nb6 21.
d5 cxd5 22. exd5 Nc8 23. d6 exd6 24. Qf3 Re7 25. Bxd6 Nxd6 26. Nxd6 Rb8 27.
Nxf7 Qf8 28. Ng5 Qxf3+ 29. Nxf3 Bb2 30. Rc2 Ba3 31. Rd5 Bb4 32. Ne5 Re6 33. Nd3
Rc6 34. Nxb4 axb4 35. Rxc6 bxc6 36. Rd7 Rc8 37. Rb7 c5 38. a5 Rc6 39. Kf3 Ra6
40. Rb5 c4 41. bxc4 b3 42. Ke4 b2 43. Rxb2 Rxa5 1-0

[Event "Bundesliga 9697"]
[Site "Deutschland"]
[Date "1997.??.??"]
[Round "?.2"]
[White "Stohl, Igor"]
[Black "Smagin, Sergey"]
[Result "1/2-1/2"]
[WhiteElo "2580"]
[BlackElo "2575"]
[PlyCount "129"]
[EventDate "1996.10.??"]
[EventType "team"]
[EventRounds "15"]
[EventCountry "GER"]
[SourceTitle "Bundesliga 9697"]
[Source "DeepChess"]
[SourceDate "2005.01.01"]
[SourceVersion "1"]
[SourceVersionDate "2005.01.01"]
[SourceQuality "1"]
[WhiteTeam "Delmenhorster SK 1931"]
[BlackTeam "SG Bochum 31"]
[WhiteTeamCountry "GER"]
[BlackTeamCountry "GER"]

1. c4 e6 2. Nc3 d5 3. d4 Nf6 4. Bg5 Nbd7 5. e3 c6 6. cxd5 exd5 7. Bd3 Be7 8.
Qc2 Nh5 9. Bxe7 Qxe7 10. O-O-O Nb6 11. Nf3 Bg4 12. Be2 Nf6 13. Kb1 O-O 14. Ne5
Bxe2 15. Qxe2 Rfe8 16. f3 Nfd7 17. Nxd7 Qxd7 18. Qd3 Nc4 19. e4 b5 20. Rhe1 a5
21. b3 Nb6 22. exd5 Nxd5 23. Nxd5 Qxd5 24. Rc1 g6 25. Rxe8+ Rxe8 26. Qc3 Re2
27. Rc2 b4 28. Qc5 Qxc5 29. dxc5 Re5 30. a3 Kg7 31. axb4 axb4 32. h4 Re3 33.
Kb2 Kf6 34. Rc4 Re2+ 35. Kc1 Rxg2 36. Rxb4 Ke5 37. Re4+ Kd5 38. b4 Rh2 39. Re7
Rxh4 40. Rxf7 Rxb4 41. Rxh7 Rf4 42. Rh3 Ke5 43. Kd2 Rc4 44. Rh8 Rxc5 45. Rf8
Ke6 46. Re8+ Kf5 47. Rf8+ Kg5 48. f4+ Kh6 49. Rh8+ Kg7 50. Rc8 Rd5+ 51. Ke3 Rd6
52. Kf3 Kf6 53. Kg4 Ke6 54. Kg5 Kd5 55. Rg8 c5 56. Rxg6 c4 57. Rg8 c3 58. Rh8
c2 59. Rh1 Ke4 60. Rc1 Rd5+ 61. Kg6 Rd2 62. f5 Rg2+ 63. Kf6 Re2 64. Ke6 Kf4+
65. Kd5 1/2-1/2

[Event "Bundesliga 9697"]
[Site "Deutschland"]
[Date "1997.??.??"]
[Round "?.3"]
[White "Schmittdiel, Eckhard"]
[Black "Breutigam, Martin"]
[Result "0-1"]
[WhiteElo "2440"]
[BlackElo "2380"]
[PlyCount "66"]
[EventDate "1996.10.??"]
[EventType "team"]
[EventRounds "15"]
[EventCountry "GER"]
[SourceTitle "Bundesliga 9697"]
[Source "DeepChess"]
[SourceDate "2005.01.01"]
[SourceVersion "1"]
[SourceVersionDate "2005.01.01"]
[SourceQuality "1"]
[WhiteTeam "SG Bochum 31"]
[BlackTeam "Delmenhorster SK 1931"]
[WhiteTeamCountry "GER"]
[BlackTeamCountry "GER"]

1. e4 e5 2. Nf3 Nc6 3. Bb5 f5 4. Nc3 Nd4 5. Nxe5 Qf6 6. f4 fxe4 7. d3 Bb4 8.
Ba4 Qh4+ 9. Kf1 Bxc3 10. bxc3 Ne6 11. dxe4 Nf6 12. Nf3 Qg4 13. h3 Qg3 14. e5
Ne4 15. Qe1 Nxf4 16. Rh2 Qxe1+ 17. Kxe1 O-O 18. Bb3+ Kh8 19. Bxf4 Rxf4 20. Ke2
Nc5 21. g3 Rf8 22. Ng5 h6 23. Nf7+ Kh7 24. Rf1 b6 25. Rf4 Ba6+ 26. Ke3 Rfe8 27.
Rhf2 d6 28. Rh4 Nxb3 29. cxb3 dxe5 30. Re4 Re7 31. Rxe5 Rae8 32. Rxe7 Rxe7+ 33.
Kd2 Kg8 0-1

[Event "Bundesliga 9697"]
[Site "Deutschland"]
[Date "1997.??.??"]
[Round "?.5"]
[White "Reschke, Stefan"]
[Black "Borik, Otto"]
[Result "1-0"]
[WhiteElo "2390"]
[BlackElo "2410"]
[PlyCount "65"]
[EventDate "1996.10.??"]
[EventType "team"]
[EventRounds "15"]
[EventCountry "GER"]
[SourceTitle "Bundesliga 9697"]
[Source "DeepChess"]
[SourceDate "2005.01.01"]
[SourceVersion "1"]
[SourceVersionDate "2005.01.01"]
[SourceQuality "1"]
[WhiteTeam "SG Bochum 31"]
[BlackTeam "Delmenhorster SK 1931"]
[WhiteTeamCountry "GER"]
[BlackTeamCountry "GER"]

1. d4 d5 2. c4 c6 3. Nc3 Nf6 4. Nf3 e6 5. Bg5 h6 6. Bxf6 Qxf6 7. e3 Nd7 8. Bd3
Qd8 9. O-O Be7 10. e4 dxc4 11. Bxc4 O-O 12. a4 Qa5 13. Qe2 e5 14. d5 Bf6 15.
Rfb1 Be7 16. Na2 cxd5 17. b4 Qd8 18. Bxd5 Nf6 19. Nc3 Nxd5 20. Nxd5 Bd6 21. Rd1
Be6 22. Qb5 Rb8 23. Rab1 Qe8 24. Qa5 a6 25. Qb6 Qd8 26. Qa7 Qd7 27. b5 axb5 28.
Rxb5 Ra8 29. Qe3 Rxa4 30. Rb6 Kh8 31. Nc3 Rd4 32. Nxd4 exd4 33. Rxd4 1-0

[Event "Bundesliga 9697"]
[Site "Deutschland"]
[Date "1997.??.??"]
[Round "?.6"]
[White "Reefschlaeger, Helmut"]
[Black "Ankerst, Mihael"]
[Result "1-0"]
[WhiteElo "2335"]
[BlackElo "2355"]
[PlyCount "75"]
[EventDate "1996.10.??"]
[EventType "team"]
[EventRounds "15"]
[EventCountry "GER"]
[SourceTitle "Bundesliga 9697"]
[Source "DeepChess"]
[SourceDate "2005.01.01"]
[SourceVersion "1"]
[SourceVersionDate "2005.01.01"]
[SourceQuality "1"]
[WhiteTeam "Delmenhorster SK 1931"]
[BlackTeam "SG Bochum 31"]
[WhiteTeamCountry "GER"]
[BlackTeamCountry "GER"]

1. e4 c5 2. f4 e6 3. Nf3 Nc6 4. d3 d5 5. Qe2 Nge7 6. g3 g6 7. Bg2 Bg7 8. O-O
O-O 9. c3 Rb8 10. a4 a6 11. e5 Qc7 12. Be3 b6 13. Nbd2 Bd7 14. Nb3 f6 15. d4 c4
16. Nbd2 b5 17. b4 a5 18. axb5 Rxb5 19. bxa5 Nxa5 20. exf6 Bxf6 21. Ne5 Rfb8
22. Ng4 Bg7 23. f5 Nxf5 24. Bf4 Qb6 25. Bxb8 Qxb8 26. Nf3 Rb2 27. Qe1 Nb3 28.
Rd1 Qa7 29. Rf2 Qa2 30. Rxb2 Qxb2 31. Nge5 Ba4 32. Nxc4 dxc4 33. Qxe6+ Kf8 34.
Ng5 Bxd4+ 35. cxd4 Kg7 36. Qf7+ Kh6 37. h4 Ng7 38. Qg8 1-0

[Event "Bundesliga 9697"]
[Site "Deutschland"]
[Date "1997.??.??"]
[Round "?.8"]
[White "Schlemermeyer, Wilhelm"]
[Black "Ellers, Holger"]
[Result "0-1"]
[WhiteElo "2310"]
[BlackElo "2260"]
[PlyCount "60"]
[EventDate "1996.10.??"]
[EventType "team"]
[EventRounds "15"]
[EventCountry "GER"]
[SourceTitle "Bundesliga 9697"]
[Source "DeepChess"]
[SourceDate "2005.01.01"]
[SourceVersion "1"]
[SourceVersionDate "2005.01.01"]
[SourceQuality "1"]
[WhiteTeam "Delmenhorster SK 1931"]
[BlackTeam "SG Bochum 31"]
[WhiteTeamCountry "GER"]
[BlackTeamCountry "GER"]

1. c4 e6 2. Nc3 d5 3. d4 c6 4. e4 Bb4 5. e5 Ne7 6. Nf3 c5 7. a3 Bxc3+ 8. bxc3
Nbc6 9. Bd3 dxc4 10. Bxc4 cxd4 11. cxd4 b6 12. O-O h6 13. a4 Bb7 14. Ba3 Qd7
15. Rc1 O-O 16. Re1 Rfd8 17. Bb5 Rdc8 18. Qe2 Qd5 19. Red1 Nf5 20. Bb2 Ncxd4
21. Rxc8+ Rxc8 22. Bxd4 Nxd4 23. Rxd4 Rc1+ 24. Qf1 Rxf1+ 25. Kxf1 Qc5 26. Rd8+
Kh7 27. Bd3+ g6 28. Rd7 Qc1+ 29. Ne1 Bxg2+ 30. Kxg2 Qc6+ 0-1

[Event "Bundesliga 9697"]
[Site "Deutschland"]
[Date "1996.??.??"]
[Round "?.1"]
[White "Rogers, Ian"]
[Black "Lutz, Christopher"]
[Result "1/2-1/2"]
[WhiteElo "2575"]
[BlackElo "2565"]
[PlyCount "45"]
[EventDate "1996.10.??"]
[EventType "team"]
[EventRounds "15"]
[EventCountry "GER"]
[SourceTitle "Bundesliga 9697"]
[Source "DeepChess"]
[SourceDate "2005.01.01"]
[SourceVersion "1"]
[SourceVersionDate "2005.01.01"]
[SourceQuality "1"]
[WhiteTeam "Delmenhorster SK 1931"]
[BlackTeam "SG Porz e.V."]
[WhiteTeamCountry "GER"]
[BlackTeamCountry "GER"]

1. e4 c5 2. Nc3 Nc6 3. Nge2 g6 4. d4 cxd4 5. Nxd4 Bg7 6. Be3 Nf6 7. Bc4 O-O 8.
Bb3 Qa5 9. O-O d6 10. h3 Bd7 11. f4 Nxd4 12. Bxd4 Bc6 13. Qd3 Rad8 14. Rad1 Nd7
15. Bxg7 Kxg7 16. Nd5 e6 17. Qd4+ e5 18. fxe5 dxe5 19. Qf2 Qc5 20. Ne3 Qe7 21.
Nd5 Qc5 22. Ne3 Qe7 23. Nd5 1/2-1/2

[Event "Bundesliga 9697"]
[Site "Deutschland"]
[Date "1996.??.??"]
[Round "?.4"]
[White "Christiansen, Larry Mark"]
[Black "Beckemeier, Werner"]
[Result "1-0"]
[WhiteElo "2555"]
[BlackElo "2365"]
[PlyCount "103"]
[EventDate "1996.10.??"]
[EventType "team"]
[EventRounds "15"]
[EventCountry "GER"]
[SourceTitle "Bundesliga 9697"]
[Source "DeepChess"]
[SourceDate "2005.01.01"]
[SourceVersion "1"]
[SourceVersionDate "2005.01.01"]
[SourceQuality "1"]
[WhiteTeam "SG Porz e.V."]
[BlackTeam "Delmenhorster SK 1931"]
[WhiteTeamCountry "GER"]
[BlackTeamCountry "GER"]

1. c4 e5 2. Nc3 Bb4 3. Nd5 Be7 4. g3 Nf6 5. Nxe7 Qxe7 6. Bg2 O-O 7. d3 c6 8.
Nf3 d5 9. O-O Rd8 10. cxd5 cxd5 11. Bg5 Nc6 12. Qa4 h6 13. Bxf6 Qxf6 14. Nd2
Qe7 15. Rfc1 Nd4 16. Kf1 Bd7 17. Qa3 Qxa3 18. bxa3 Bc6 19. Rab1 Rac8 20. Bh3
Bd7 21. Bxd7 Rxc1+ 22. Rxc1 Rxd7 23. Rc8+ Kh7 24. h4 Kg6 25. Nb3 Ne6 26. a4 Rd8
27. Rc1 Rd6 28. Rc8 Kf6 29. e3 Rc6 30. Ra8 a6 31. Rb8 b6 32. d4 exd4 33. Nxd4
Rc4 34. Rxb6 Rxa4 35. f4 Ke7 36. Nc6+ Kf6 37. g4 Rxa2 38. Nb4 Ra1+ 39. Kg2 g6
40. Nxd5+ Kg7 41. f5 gxf5 42. gxf5 Nc5 43. Nf4 Ne4 44. Nh5+ Kh7 45. Rb4 Nd6 46.
Rg4 Ne8 47. Rd4 Ra5 48. e4 Re5 49. Kf3 Re7 50. Rd8 a5 51. Kf4 f6 52. Ra8 1-0

[Event "Bundesliga 9697"]
[Site "Deutschland"]
[Date "1996.??.??"]
[Round "?.6"]
[White "Stangl, Markus"]
[Black "Hermann, Manfred"]
[Result "1-0"]
[WhiteElo "2565"]
[BlackElo "2370"]
[PlyCount "117"]
[EventDate "1996.10.??"]
[EventType "team"]
[EventRounds "15"]
[EventCountry "GER"]
[SourceTitle "Bundesliga 9697"]
[Source "DeepChess"]
[SourceDate "2005.01.01"]
[SourceVersion "1"]
[SourceVersionDate "2005.01.01"]
[SourceQuality "1"]
[WhiteTeam "SG Porz e.V."]
[BlackTeam "Delmenhorster SK 1931"]
[WhiteTeamCountry "GER"]
[BlackTeamCountry "GER"]

1. Nf3 d5 2. d4 Nf6 3. c4 c6 4. Nc3 dxc4 5. a4 Bf5 6. e3 e6 7. Bxc4 Bb4 8. O-O
O-O 9. Qe2 Nbd7 10. e4 Bg6 11. Bd3 Bh5 12. Bf4 Re8 13. e5 Nd5 14. Nxd5 cxd5 15.
h3 a6 16. g4 Bg6 17. Bxg6 fxg6 18. Kg2 Rc8 19. h4 Rc6 20. Rfc1 Nb8 21. Qd3 Be7
22. Bd2 Rxc1 23. Rxc1 Nc6 24. Rh1 Qd7 25. h5 gxh5 26. Rxh5 g6 27. Rh6 Bf8 28.
Rh1 Bg7 29. b3 Rc8 30. Qe3 Nd8 31. Ne1 Bf8 32. Qh3 Nc6 33. Nf3 Rc7 34. Qg3 Qc8
35. Qh4 Qd7 36. Qg5 Be7 37. Qf4 Qc8 38. Qh2 Bf8 39. Ng5 h6 40. Nf3 Rh7 41. Qf4
Qe8 42. Qe3 Rc7 43. Qd3 g5 44. Ng1 Qf7 45. f4 gxf4 46. Ne2 f3+ 47. Qxf3 Qh7 48.
g5 Qg6 49. Rh5 Rf7 50. Qg4 Bg7 51. Be3 Ne7 52. Kh2 Rf1 53. Nf4 Qc2+ 54. Qg2
Qxg2+ 55. Kxg2 Rb1 56. gxh6 Rxb3 57. Rg5 Nf5 58. Bf2 Kf7 59. Rxg7+ 1-0

[Event "Bundesliga 9697"]
[Site "Deutschland"]
[Date "1996.??.??"]
[Round "?.7"]
[White "Jugelt, Tobias"]
[Black "Van Wely, Loek"]
[Result "0-1"]
[WhiteElo "2375"]
[BlackElo "2605"]
[PlyCount "122"]
[EventDate "1996.10.??"]
[EventType "team"]
[EventRounds "15"]
[EventCountry "GER"]
[SourceTitle "Bundesliga 9697"]
[Source "DeepChess"]
[SourceDate "2005.01.01"]
[SourceVersion "1"]
[SourceVersionDate "2005.01.01"]
[SourceQuality "1"]
[WhiteTeam "Delmenhorster SK 1931"]
[BlackTeam "SG Porz e.V."]
[WhiteTeamCountry "GER"]
[BlackTeamCountry "GER"]

1. d4 Nf6 2. Nf3 g6 3. Bg5 Bg7 4. Nbd2 O-O 5. e3 d6 6. Be2 Qe8 7. O-O Nc6 8. a4
h6 9. Bxf6 Bxf6 10. a5 a6 11. c4 Bg7 12. Ra3 f5 13. Qb3 Kh8 14. d5 Nd8 15. Bd3
g5 16. Rc1 c5 17. Qc2 e5 18. e4 f4 19. b4 cxb4 20. Ra4 Qh5 21. Rxb4 g4 22. Ne1
Nf7 23. c5 dxc5 24. Rc4 Ng5 25. Nf1 f3 26. g3 Nh3+ 27. Kh1 Bf6 28. Rxc5 Be7 29.
Rc4 Bd7 30. Ne3 Bg5 31. Qd2 Bxe3 32. Qxe3 Qg5 33. Qb6 Rf6 34. d6 Raf8 35. R1c2
Bc6 36. d7 Bxd7 37. Qxb7 Nxf2+ 38. Rxf2 Qe3 39. Kg1 Qxe1+ 40. Bf1 Be6 41. Rc5
Qe3 42. Rxe5 Qd4 43. Qb2 Rd8 44. Qxd4 Rxd4 45. h3 gxh3 46. Kh2 Bg4 47. Bxh3 h5
48. Bf1 Rc6 49. Re8+ Kg7 50. Re7+ Kf8 51. Ra7 Rc1 52. Rxa6 Ke7 53. Ra7+ Ke6 54.
Ra6+ Ke5 55. Ra8 Rdd1 56. a6 Rxf1 57. Rxf1 Rxf1 58. a7 f2 59. Re8+ Kd4 60. Kg2
Ke3 61. Rf8 Rg1+ 0-1

[Event "Bundesliga 9697"]
[Site "Deutschland"]
[Date "1996.??.??"]
[Round "?.8"]
[White "Vogt, Lothar"]
[Black "Schlemermeyer, Wilhelm"]
[Result "1-0"]
[WhiteElo "2505"]
[BlackElo "2310"]
[PlyCount "79"]
[EventDate "1996.10.??"]
[EventType "team"]
[EventRounds "15"]
[EventCountry "GER"]
[SourceTitle "Bundesliga 9697"]
[Source "DeepChess"]
[SourceDate "2005.01.01"]
[SourceVersion "1"]
[SourceVersionDate "2005.01.01"]
[SourceQuality "1"]
[WhiteTeam "SG Porz e.V."]
[BlackTeam "Delmenhorster SK 1931"]
[WhiteTeamCountry "GER"]
[BlackTeamCountry "GER"]

1. e4 c5 2. Nf3 d6 3. d4 cxd4 4. Nxd4 Nf6 5. Nc3 g6 6. Be3 Bg7 7. f3 Nc6 8. Qd2
O-O 9. O-O-O d5 10. Qe1 e6 11. h4 Qc7 12. h5 Nxh5 13. g4 Nxd4 14. Bxd4 Bxd4 15.
Rxd4 Qf4+ 16. Kb1 Ng3 17. Rh3 Nxf1 18. Qxf1 f6 19. Qd1 Qc7 20. exd5 exd5 21.
Nxd5 Qf7 22. Nf4 Be6 23. Nxe6 Qxe6 24. Rd6 Qe7 25. Rd7 Rfd8 26. Qd5+ Kf8 27.
Rxe7 Rxd5 28. c4 h5 29. Rxb7 Rc5 30. gxh5 gxh5 31. Rh4 a5 32. Rh7 Re8 33. R7xh5
Re1+ 34. Kc2 Re2+ 35. Kd3 Rxh5 36. Rxh5 Rxb2 37. Rxa5 Rf2 38. Ke4 Ke7 39. c5
Re2+ 40. Kd5 1-0

[Event "Bundesliga 9697"]
[Site "Deutschland"]
[Date "1996.??.??"]
[Round "?.1"]
[White "Rogers, Ian"]
[Black "Schlosser, Philipp"]
[Result "1/2-1/2"]
[WhiteElo "2575"]
[BlackElo "2560"]
[PlyCount "33"]
[EventDate "1996.10.??"]
[EventType "team"]
[EventRounds "15"]
[EventCountry "GER"]
[SourceTitle "Bundesliga 9697"]
[Source "DeepChess"]
[SourceDate "2005.01.01"]
[SourceVersion "1"]
[SourceVersionDate "2005.01.01"]
[SourceQuality "1"]
[WhiteTeam "Delmenhorster SK 1931"]
[BlackTeam "SK Passau 1869"]
[WhiteTeamCountry "GER"]
[BlackTeamCountry "GER"]

1. e4 c6 2. c4 d5 3. exd5 cxd5 4. cxd5 Nf6 5. Bb5+ Nbd7 6. Nc3 a6 7. Qa4 Rb8 8.
Bxd7+ Qxd7 9. Qxd7+ Bxd7 10. d4 b5 11. a3 a5 12. b4 axb4 13. axb4 e5 14. dxe6
Bc6 15. Nge2 fxe6 16. Bf4 Bxg2 17. Rg1 1/2-1/2

[Event "Bundesliga 9697"]
[Site "Deutschland"]
[Date "1996.??.??"]
[Round "?.2"]
[White "Smejkal, Jan"]
[Black "Stohl, Igor"]
[Result "1/2-1/2"]
[WhiteElo "2500"]
[BlackElo "2560"]
[PlyCount "44"]
[EventDate "1996.10.??"]
[EventType "team"]
[EventRounds "15"]
[EventCountry "GER"]
[SourceTitle "Bundesliga 9697"]
[Source "DeepChess"]
[SourceDate "2005.01.01"]
[SourceVersion "1"]
[SourceVersionDate "2005.01.01"]
[SourceQuality "1"]
[WhiteTeam "SK Passau 1869"]
[BlackTeam "Delmenhorster SK 1931"]
[WhiteTeamCountry "GER"]
[BlackTeamCountry "GER"]

1. c4 g6 2. d4 Nf6 3. Nf3 Bg7 4. g3 d5 5. Bg2 dxc4 6. Na3 O-O 7. O-O Na6 8.
Nxc4 c5 9. b3 Bf5 10. Bb2 Be4 11. Qd2 Qc7 12. dxc5 Nxc5 13. Be5 Qd7 14. Rac1
Rac8 15. Qxd7 Ncxd7 16. Bd4 Rc7 17. Nce5 Rfc8 18. Rxc7 Rxc7 19. Nxd7 Nxd7 20.
Rd1 Bxd4 21. Nxd4 Bxg2 22. Kxg2 Nf6 1/2-1/2